000
00332nam a2200145 a 4500
005
20140414131935.0
008
110113s19uu xx 00 eng d
050
_a
REF 578.734
_b
W15 2000
100
_a
245
_a
Jungle /.
440
_a
What can eye see?
650
_a
Rain forests.
650
_a
Jungles.
999
_c
112389
_d
112389